Statistiques concernant Toutes les communes des Alpes-de-Haute-Provence sur une carte

Cliquez ici pour prendre le quiz!

Statistiques générales

  • Ce quiz a été pris 272 fois
  • Le résultat moyen est 76 sur 198

Réponses sur la Carte

Les réponses sont colorées sur une échelle allant du rouge au vert en fonction du pourcentage des utilisateurs qui les ont devinées à leur premier essai. Vous pouvez retrouver ces pourcentages ci-dessous.
 

Statistiques - réponses

CommunePopulation% Correct
Digne-les-Bains16 864
97%
Manosque23 018
91%
Barcelonnette2 561
89%
Sisteron7 669
89%
Forcalquier5 115
81%
Castellane1 462
80%
Les Mées3 766
65%
Gréoux-les-Bains2 790
64%
Oraison5 920
64%
Saint-André-les-Alpes1 015
64%
Valensole3 158
64%
Château-Arnoux-Saint-Auban5 063
63%
Seyne1 372
63%
Saint-Paul-sur-Ubaye177
61%
Allos837
57%
Malijai1 984
57%
Volx3 212
57%
Saint-Michel-l'Observatoire1 230
56%
Moustiers-Sainte-Marie718
55%
Banon1 057
54%
Le Vernet125
54%
Mane1 349
54%
Saint-Martin-de-Brômes634
54%
Saint-Martin-les-Eaux124
54%
Saint-Martin-lès-Seyne12
54%
Ubaye-Serre-Ponçon782
53%
Villeneuve4 355
53%
Allemagne-en-Provence544
51%
Saint-Julien-d'Asse215
51%
Saint-Julien-du-Verdon153
51%
Barrême410
49%
Colmars479
49%
La Brillanne1117
49%
Peipin1463
49%
Peyruis2 801
49%
Riez1 661
49%
Sainte-Croix-à-Lauze90
49%
Sainte-Croix-du-Verdon117
49%
Saint-Étienne-les-Orgues1 316
49%
Saint-Pierre97
49%
Thorame-Haute245
48%
Thorame-Basse224
47%
Aiglun1 420
46%
Entrevaux810
46%
Jausiers1 137
46%
La Javie375
46%
Mallemoisson994
46%
Sainte-Tulle3 475
46%
Annot1 021
45%
Volonne1 639
45%
Châteauneuf-Miravail73
44%
Châteauneuf-Val-Saint-Donat502
44%
Dauphin839
44%
Le Brusquet966
44%
Quinson406
44%
Selonnet472
44%
Mézel631
43%
Montclar403
43%
Noyers-sur-Jabron523
43%
Bras-d'Asse554
42%
Esparron-de-Verdon389
42%
Lurs378
42%
Marcoux449
42%
Mison1 118
42%
Pierrevert3 936
42%
Puimoisson683
42%
Saint-Laurent-du-Verdon96
42%
Céreste1 198
40%
Estoublon487
40%
La Condamine-Châtelard151
40%
La Motte-du-Caire550
40%
Prads-Haute-Bléone177
40%
Puimichel270
40%
Saint-Vincent-sur-Jabron170
40%
Thoard738
40%
Barles132
39%
Châteauredon73
39%
Draix111
39%
Ganagobie92
39%
La Palud-sur-Verdon351
39%
Le Lauzet-Ubaye178
39%
Val d'Oronaye117
39%
Champtercier856
38%
Faucon-de-Barcelonnette295
38%
Faucon-du-Caire59
38%
Méolans-Revel324
38%
Reillanne1 697
38%
Senez161
38%
Archail14
37%
Le Chaffaut-Saint-Jurson688
37%
Mirabeau512
37%
Revest-des-Brousses259
37%
Revest-du-Bion507
37%
Revest-Saint-Martin88
37%
Uvernet-Fours562
37%
Verdaches62
37%
Aubignosc616
36%
Le Caire74
36%
L'Escale1 378
36%
Montfort325
36%
Saint-Jacques81
36%
Beaujeu125
35%
Castellet-lès-Sausses138
35%
Châteaufort26
35%
Corbières-en-Provence1 241
35%
Entrages100
35%
Le Castellet298
35%
Barras146
34%
Enchastrayes385
34%
Entrepierres384
34%
La Mure-Argens309
34%
La Robine-sur-Galabre286
34%
Ongles363
34%
Simiane-la-Rotonde607
34%
Majastres4
33%
Montagnac-Montpezat413
33%
Niozelles285
33%
Saint-Benoît152
33%
Allons128
31%
Bayons193
31%
Chaudon-Norante190
31%
Clumanc221
31%
Cruis627
31%
Hautes-Duyes45
31%
Le Fugeret206
31%
Montjustin59
31%
Moriez238
31%
Saint-Maime867
31%
Valavoire37
31%
Villars-Colmars250
31%
Angles67
30%
Authon63
30%
Auzet101
30%
Beauvezer392
30%
Bellaffaire143
30%
Entrevennes171
30%
Les Thuiles370
30%
Montfuron226
30%
Pierrerue523
30%
Pontis96
30%
Roumoules734
30%
Saint-Jurs136
30%
Tartonne129
30%
Ubraye100
30%
Curel51
29%
Demandolx127
29%
Les Omergues127
29%
Mallefougasse-Augès325
29%
Méailles120
29%
Oppedette51
29%
Soleilhas88
29%
Aubenas-les-Alpes91
28%
Limans390
28%
Rougon122
28%
Saint-Pons600
28%
Salignac660
28%
Sausses130
28%
Sigonce426
28%
Turriers343
28%
Beynes121
27%
Brunet289
27%
La Garde121
27%
La Rochette74
27%
Saint-Geniez106
27%
Saint-Jeannet48
27%
Claret280
26%
Vaumeilh267
26%
Blieux55
25%
Braux127
25%
Montsalier152
25%
Saint-Lions40
25%
Sigoyer101
25%
Vachères289
25%
Valbelle239
25%
Lambruisse85
24%
Le Castellard-Mélan62
24%
Montlaux207
24%
Piégut204
24%
Sourribes178
24%
Thèze231
24%
Val-de-Chalvagne85
24%
Bevons253
22%
Nibles45
22%
Peyroules250
22%
Valernes244
22%
Clamensane178
21%
Curbans576
21%
Fontienne135
21%
L'Hospitalet90
21%
La Rochegiron105
20%
Villemus194
20%
Redortiers84
19%
Saumane120
19%
Venterol226
19%
Vergons107
19%
Lardiers132
18%
Melve123
18%
Gigors60
16%

Distribution des résultats

Percentile par nombre de réponses

% des personnes avec chaque résultat

Votre développement - résultats

Vous n’avez pas pris ce quiz